Deferred receipt mechanisms (Record no. 110688)

MARC details
000 -LEADER
fixed length control field 01461cam a22002415a 4500
001 - CONTROL NUMBER
control field E149957
008 - FIXED-LENGTH DATA ELEMENTS--GENERAL INFORMATION
fixed length control field 100519s2010 xxk f 000 0 eng d
035 ## - SYSTEM CONTROL NUMBER
System control number (Sirsi) u149957
041 0# - LANGUAGE CODE
Language code of text/sound track or separate title eng
110 2# - MAIN ENTRY--CORPORATE NAME
Corporate name or jurisdiction name as entry element Scotland
Subordinate unit Scottish Government
9 (RLIN) 5344
245 00 - TITLE STATEMENT
Title Deferred receipt mechanisms
Medium [eletcronic resource]
260 ## - PUBLICATION, DISTRIBUTION, ETC.
Place of publication, distribution, etc. Edinburgh
Name of publisher, distributor, etc. Scottish Government
Date of publication, distribution, etc. 2010
505 2# - FORMATTED CONTENTS NOTE
Formatted contents note Introduction -- Background -- Consultations and documents reviewed -- Mechanisms defined: stage payments; revenue share; profit share; joint venture company -- Principal Issues Arising: control; risk limitation; projects or receipts; best value considerations; obstacles; procurement; accounting/returns -- Finance issues -- Summary and issues for discussion -- Appendices
520 ## - SUMMARY, ETC.
Summary, etc. Investigates whether "Deferred Receipt Mechanisms" could be utilised to encourage residential development either where development has stalled because of a lack of finance or on publicly owned land that is currently not being marketed.
521 ## - TARGET AUDIENCE NOTE
Target audience note Advanced
590 ## - LOCAL NOTE (RLIN)
Local note KA
651 #4 - SUBJECT ADDED ENTRY--GEOGRAPHIC NAME
Geographic name Scotland
Chronological subdivision 1999-
690 ## - LOCAL SUBJECT ADDED ENTRY--TOPICAL TERM (OCLC, RLIN)
Topical term or geographic name as entry element PROPERTY-PROPERTY DEVELOPMENT
690 ## - LOCAL SUBJECT ADDED ENTRY--TOPICAL TERM (OCLC, RLIN)
Topical term or geographic name as entry element Residential property
9 (RLIN) 6266
710 1# - ADDED ENTRY--CORPORATE NAME
Corporate name or jurisdiction name as entry element Royal Institution of Chartered Surveyors
Subordinate unit Scotland
9 (RLIN) 3082
856 40 - ELECTRONIC LOCATION AND ACCESS
Uniform Resource Identifier <a href="https://www.scotland.gov.uk/Topics/Built-Environment/regeneration/pir/learningnetworks/mixedcommunities/recentevents/DeferredReceiptReport">https://www.scotland.gov.uk/Topics/Built-Environment/regeneration/pir/learningnetworks/mixedcommunities/recentevents/DeferredReceiptReport</a>
Public note View the report free of charge at www.scotland.gov.uk
942 ## - ADDED ENTRY ELEMENTS (KOHA)
Suppress in OPAC 0
Holdings
Withdrawn status Lost status Source of classification or shelving scheme Damaged status Not for loan Home library Current library Shelving location Date acquired Total Checkouts Full call number Barcode Date last seen Copy number Price effective from Koha item type
    Dewey Decimal Classification     Virtual Virtual Online 19/05/2010   ONLINE PUBLICATION 149957-2001 06/08/2019 1 06/08/2019 Book